ACCST research journal (Record no. 24125)

MARC details
000 -LEADER
fixed length control field 00610nam a22001577a 4500
005 - DATE AND TIME OF LATEST TRANSACTION
control field 20090220150642.0
008 - FIXED-LENGTH DATA ELEMENTS--GENERAL INFORMATION
fixed length control field 090220t xxu||||| |||| 00| 0 eng d
022 ## - INTERNATIONAL STANDARD SERIAL NUMBER
International Standard Serial Number 0972-7779
245 ## - TITLE STATEMENT
Title ACCST research journal
Remainder of title a quarterly journal devoted to arts, commerce and computer science and technology
260 ## - PUBLICATION, DISTRIBUTION, ETC. (IMPRINT)
Place of publication, distribution, etc Siwan
Name of publisher, distributor, etc ACCST Research journal
Date of publication, distribution, etc 2009-
300 ## - PHYSICAL DESCRIPTION
Extent v.
Dimensions 24 cm
310 ## - CURRENT PUBLICATION FREQUENCY
Current publication frequency Quarterly
270 ## - ADDRESS
Address Niarla Nagar, P O Siwan
City Bihar
Postal code 841226
Fax number 06154-243832
Electronic mail address arjsiwan_2003@yahoo.co.in
942 ## - ADDED ENTRY ELEMENTS (KOHA)
Source of classification or shelving scheme Dewey Decimal Classification
Item type Periodicals
Serial record 1
Holdings
Withdrawn status Lost status Source of classification or shelving scheme Damaged status Not for loan Collection code Home library Current library Date acquired Total Checkouts Date last seen Price effective from Koha item type
    Dewey Decimal Classification   Not For Loan Non-fiction D.B.Act.Division D.B.Act.Division 20/02/2009   20/02/2009 20/02/2009 Periodicals

© Delhi Public Library
Hit Counter
free hit counter